000 00258 a2200121 4500
001 48712
040 _cAnchieta - Bela Vista
240 1 0 _aMamíferos
_lpor
245 1 0 _aMamíferos
440 1 _aCiranda Cultural
650 4 _aLiteratura infantil
942 _cBK
999 _c48712
_d48712